000 00476nam a2200181Ia 4500
008 090124s9999 xx 000 0 und d
082 _b116483
100 _aमेहता शशिकला
245 _a हार जीत
250 _a1
260 _c1976
300 _a96
600 _aमेहता शशिकला
630 _a हार जीत
700 _aमेहता शशिकला
730 _a हार जीत
942 _cBOOK
999 _c162569
_d162569